[Event "ESP-ch U16"]
[Site "Salobrena"]
[Date "2020.08.11"]
[Round "3"]
[White "Gomila Benejam, Doro"]
[Black "Vergara Anton, Diego"]
[Result "1/2-1/2"]
[WhiteElo "2018"]
[BlackElo "2195"]
[PlyCount "60"]
[EventDate "2020.08.10"]
[EventType "swiss"]
[EventRounds "9"]
[EventCountry "ESP"]
[SourceTitle "EXT 2021"]
[Source "ChessBase"]
[SourceDate "2020.10.23"]
[SourceVersion "1"]
[SourceVersionDate "2020.10.23"]
[SourceQuality "1"]

1. e4 e6 2. d4 d5 3. Nd2 Be7 4. Ngf3 Nf6 5. e5 Nfd7 6. Bd3 c5 7. c3 Nc6 8. 0-0 g5 9. dxc5 Ndxe5 10. Nxe5 Nxe5 11. Bb5+ Bd7 12. Bxd7+ Nxd7 13. b4 Bf6 14. Bb2 a5 15. Qc2 0-0 16. a3 Ne5 17. c4 axb4 18. axb4 Rxa1 19. Bxa1 Nxc4 20. Nxc4 dxc4 21. Rd1 Qe7 22. Bxf6 Qxf6 23. Qxc4 Rd8 24. Rxd8+ Qxd8 25. g3 Kf8 26. Kg2 Ke7 27. Kf3 Qd1+ 28. Ke3 Qe1+ 29. Kf3 Qd1+ 30. Ke3 Qe1+ 1/2-1/2

[Event "Calvia Bellon Memorial"]
[Site "Calvia"]
[Date "2018.04.28"]
[Round "4.2"]
[White "Gomila Benejam, Doro"]
[Black "Canyelles Sureda, Joan"]
[Result "1-0"]
[WhiteElo "1742"]
[BlackElo "1342"]
[PlyCount "39"]
[EventDate "2018.04.27"]
[EventType "swiss"]
[EventRounds "5"]
[EventCountry "ESP"]
[SourceTitle "EXT 2024"]
[Source "ChessBase"]
[SourceDate "2023.10.10"]
[SourceVersion "1"]
[SourceVersionDate "2023.10.10"]
[SourceQuality "1"]

1. e4 e6 2. Nf3 d5 3. Nc3 Nf6 4. e5 Nfd7 5. d4 c5 6. dxc5 Bxc5 7. Bd3 Nc6 8. Bf4 Qb6 9. 0-0 Qxb2 10. Nb5 0-0 11. Bxh7+ Kxh7 12. Ng5+ Kg6 13. Qd3+ f5 14. exf6+ Kxf6 15. Rfb1 Nb4 16. Qe2 Qxb1+ 17. Rxb1 e5 18. Nh7+ Kf7 19. Nxf8 exf4 20. Nc7 1-0

[Event "Calvia Bellon Memorial"]
[Site "Calvia"]
[Date "2018.04.28"]
[Round "2.1"]
[White "Gomila Benejam, Doro"]
[Black "Ermachenko, Manuel"]
[Result "1-0"]
[WhiteElo "1742"]
[BlackElo "1754"]
[PlyCount "65"]
[EventDate "2018.04.27"]
[EventType "swiss"]
[EventRounds "5"]
[EventCountry "ESP"]
[SourceTitle "EXT 2024"]
[Source "ChessBase"]
[SourceDate "2023.10.10"]
[SourceVersion "1"]
[SourceVersionDate "2023.10.10"]
[SourceQuality "1"]

1. e4 c5 2. Nf3 e6 3. d4 cxd4 4. Nxd4 a6 5. c4 Qc7 6. Nc3 Nf6 7. Be2 b6 8. Be3 Bb7 9. f3 Be7 10. 0-0 d6 11. Qd2 0-0 12. Rac1 Nbd7 13. Rfd1 Rac8 14. Bf1 Qb8 15. Kh1 Bd8 16. Qf2 Bc7 17. Qg1 h5 18. b4 Ne5 19. Nb3 Nfd7 20. Na4 Bc6 21. Nc3 f5 22. Nd4 Rce8 23. f4 Bb7 24. fxe5 Nxe5 25. exf5 exf5 26. Nd5 Ng4 27. Bf2 Bd8 28. Re1 Bg5 29. Rcd1 b5 30. Ne6 Rxe6 31. Rxe6 Ne5 32. c5 Qc8 33. Rxd6 1-0

[Event "Balears School-ch U12"]
[Site "S'Arenal"]
[Date "2016.05.??"]
[Round "2.1"]
[White "Cardona Pons, Josep"]
[Black "Gomila Benejam, Doro"]
[Result "0-1"]
[WhiteElo "1321"]
[BlackElo "1494"]
[PlyCount "50"]
[EventDate "2016.05.20"]
[EventType "swiss"]
[EventRounds "5"]
[EventCountry "ESP"]
[SourceTitle "EXT 2024"]
[Source "ChessBase"]
[SourceDate "2023.10.10"]
[SourceVersion "1"]
[SourceVersionDate "2023.10.10"]
[SourceQuality "1"]

1. e4 d5 2. exd5 Nf6 3. Nf3 Bg4 4. d4 Qxd5 5. Nbd2 Nc6 6. h3 Bxf3 7. Nxf3 0-0-0 8. c3 e5 9. Be3 Qa5 10. Bc4 exd4 11. Nxd4 Nxd4 12. Bxd4 c5 13. b4 cxb4 14. Qb3 Re8+ 15. Be2 Qd5 16. Bxf6 Qxb3 17. axb3 gxf6 18. Rxa7 Kb8 19. Ra1 bxc3 20. Kd1 Bh6 21. Ra2 Rd8+ 22. Ke1 Rd2 23. Rxd2 cxd2+ 24. Kd1 Rc8 25. Bc4 b5 0-1

[Event "Balears School-ch U12"]
[Site "S'Arenal"]
[Date "2016.05.??"]
[Round "4.1"]
[White "Ferrer Agus, Rodrigo"]
[Black "Gomila Benejam, Doro"]
[Result "1/2-1/2"]
[WhiteElo "1364"]
[BlackElo "1494"]
[PlyCount "66"]
[EventDate "2016.05.20"]
[EventType "swiss"]
[EventRounds "5"]
[EventCountry "ESP"]
[SourceTitle "EXT 2024"]
[Source "ChessBase"]
[SourceDate "2023.10.10"]
[SourceVersion "1"]
[SourceVersionDate "2023.10.10"]
[SourceQuality "1"]

1. e4 d5 2. exd5 Nf6 3. Bc4 Nxd5 4. Nf3 Nb6 5. Bb3 a5 6. a4 e6 7. 0-0 Be7 8. d4 0-0 9. Bf4 Bd6 10. Bg3 Bxg3 11. fxg3 N8d7 12. c3 Nf6 13. Qd3 c5 14. Ng5 h6 15. Rxf6 hxg5 16. Bc2 Re8 17. Qh7+ Kf8 18. Qh8+ Ke7 19. Qxg7 Kd7 20. Rxf7+ Re7 21. dxc5 Nd5 22. c4 Rxf7 23. Qxf7+ Ne7 24. Na3 Qc7 25. Rd1+ Kc6 26. Be4+ Kxc5 27. Qf2+ Kb4 28. Qd2+ Kc5 29. Qd4+ Kb4 30. Qc3+ Kc5 31. Qd4+ Kb4 32. Qc3+ Kc5 33. Qd4+ Kb4 1/2-1/2

[Event "Balears School-ch U12"]
[Site "S'Arenal"]
[Date "2016.05.??"]
[Round "5.2"]
[White "Payeras Vilella, Pedro"]
[Black "Gomila Benejam, Doro"]
[Result "1/2-1/2"]
[WhiteElo "1060"]
[BlackElo "1494"]
[PlyCount "68"]
[EventDate "2016.05.20"]
[EventType "swiss"]
[EventRounds "5"]
[EventCountry "ESP"]
[SourceTitle "EXT 2024"]
[Source "ChessBase"]
[SourceDate "2023.10.10"]
[SourceVersion "1"]
[SourceVersionDate "2023.10.10"]
[SourceQuality "1"]

1. e4 c5 2. Nc3 e6 3. d3 d5 4. exd5 exd5 5. d4 Nf6 6. Nf3 cxd4 7. Nxd4 a6 8. g3 Bd6 9. Bg5 Be5 10. Qe2 0-0 11. Qd2 Re8 12. Nce2 Bxd4 13. Qxd4 Nc6 14. Qf4 Re4 15. Bxf6 gxf6 16. Qd2 Nd4 17. c3 Nxe2 18. Bxe2 Bg4 19. 0-0 Bxe2 20. f3 Bxf1 21. fxe4 Bb5 22. exd5 Qb6+ 23. Kg2 Rd8 24. b3 a5 25. c4 Ba6 26. Qf4 a4 27. Rb1 Qd6 28. Qxd6 Rxd6 29. Rc1 axb3 30. axb3 Rb6 31. Rc3 Rd6 32. Kf3 Kf8 33. Ke4 b6 34. Kd4 Bb7 1/2-1/2

[Event "Lisbon Christmas op"]
[Site "Lisbon"]
[Date "2014.12.28"]
[Round "5"]
[White "Gomila Benejam, Doro"]
[Black "Harcaut, Jean Philippe"]
[Result "1-0"]
[WhiteElo "1485"]
[BlackElo "1230"]
[PlyCount "73"]
[EventDate "2014.12.26"]
[EventType "swiss"]
[EventRounds "9"]
[EventCountry "POR"]
[SourceTitle "EXT 2018"]
[Source "ChessBase"]
[SourceDate "2017.10.13"]
[SourceVersion "1"]
[SourceVersionDate "2017.10.13"]
[SourceQuality "1"]

1. e4 e5 2. Nf3 Nc6 3. d4 exd4 4. Bc4 Be7 5. c3 Nf6 6. e5 Ng4 7. cxd4 d5 8. Bb3 Bf5 9. a3 f6 10. h3 Nh6 11. Bxh6 Bxb1 12. Bxg7 Rg8 13. exf6 Bg6 14. Qe2 Rxg7 15. fxg7 Kf7 16. Ne5+ Kxg7 17. Nxg6 hxg6 18. Rd1 Qd7 19. 0-0 Re8 20. Qf3 Bf6 21. Qxd5 Qxd5 22. Bxd5 Nxd4 23. Rfe1 Rb8 24. Re4 Nf5 25. Rc4 c6 26. Be6 Ne7 27. Rd7 Kf8 28. Rb4 b5 29. a4 a5 30. Rb3 Rc8 31. Rf3 Nd5 32. Bxd5 cxd5 33. Rxf6+ Kg8 34. Rxg6+ Kf8 35. Rh6 Kg8 36. axb5 a4 37. Rc6 1-0

[Event "Lisbon Christmas op"]
[Site "Lisbon"]
[Date "2014.12.27"]
[Round "2"]
[White "Gomila Benejam, Doro"]
[Black "Rodriguez Ferreiros, Andres"]
[Result "0-1"]
[WhiteElo "1485"]
[BlackElo "1473"]
[PlyCount "130"]
[EventDate "2014.12.26"]
[EventType "swiss"]
[EventRounds "9"]
[EventCountry "POR"]
[SourceTitle "EXT 2018"]
[Source "ChessBase"]
[SourceDate "2017.10.13"]
[SourceVersion "1"]
[SourceVersionDate "2017.10.13"]
[SourceQuality "1"]

1. e4 c5 2. Nf3 d6 3. d4 cxd4 4. Qxd4 Nc6 5. Bb5 Bd7 6. Bxc6 bxc6 7. 0-0 c5 8. Qd3 g6 9. e5 Bf5 10. Qc4 Bg7 11. Re1 Be6 12. Qa4+ Qd7 13. Qxd7+ Kxd7 14. Nc3 Rb8 15. Rb1 Nh6 16. Rd1 Nf5 17. b3 a6 18. Ba3 Rhc8 19. Ne4 Rb5 20. Bb2 Rb6 21. exd6 exd6 22. Bxg7 Nxg7 23. Nf6+ Ke7 24. Nxh7 f6 25. Re1 Rh8 26. Nxf6 Kxf6 27. Re3 Nf5 28. Re4 Bd5 29. Rg4 Bxf3 30. gxf3 Rh4 31. Kg2 Rxg4+ 32. fxg4 Nd4 33. c3 Ne6 34. Kg3 Rb7 35. Rd1 Rd7 36. f4 Rd8 37. Rd5 Ke7 38. f5 gxf5 39. Rxf5 Rg8 40. h4 Nc7 41. h5 Ne8 42. h6 Nf6 43. Kf4 Rxg4+ 44. Kf3 Rh4 45. Kg3 Rxh6 46. b4 Ne4+ 47. Kg2 Rg6+ 48. Kf3 Nxc3 49. bxc5 Rf6 50. Rxf6 Kxf6 51. cxd6 Ke6 52. d7 Kxd7 53. a3 Kc6 54. Ke3 Nb5 55. Kd3 Nxa3 56. Kc3 Kb5 57. Kb3 Nc4 58. Ka2 Kb4 59. Ka1 a5 60. Ka2 a4 61. Ka1 Kb3 62. Kb1 a3 63. Ka1 Na5 64. Kb1 Nc6 65. Ka1 Nd4 0-1